Loading...
അലാറം /
| Hovedforfatter: | |
|---|---|
| Andre forfattere: | |
| Format: | Printed Book |
| Sprog: | English |
| Udgivet: |
കോട്ടയം :
നാഷണല് ബുക്ക് സ്റ്റാള്,
2012.
|
| Fag: |
| LEADER | 00671nam a22001817a 4500 | ||
|---|---|---|---|
| 008 | 140313b xxu||||| |||| 00| 0 eng d | ||
| 999 | |c 5758 |d 5758 | ||
| 020 | |a 9789382654186 | ||
| 082 | |a 894.11 |b MUL | ||
| 100 | |a മുല്ലനേഴി | ||
| 240 | |a Alaram | ||
| 245 | |a അലാറം / |c മുല്ലനേഴി | ||
| 260 | |a കോട്ടയം : |b നാഷണല് ബുക്ക് സ്റ്റാള്, |c 2012. | ||
| 300 | |a 39p. | ||
| 650 | |a Poems | ||
| 700 | |a Mullanezhi | ||
| 942 | |2 ddc |c BK | ||
| 952 | |0 0 |1 0 |2 ddc |4 0 |6 894_110000000000000_MUL |7 0 |9 8266 |a MAIN |b MAIN |d 2014-03-13 |e National Book Stall |g 30.00 |o 894.11 MUL |p 8509 |r 2014-03-13 |t 1 |w 2014-03-13 |y BK | ||